000 01261nam a2200241Ia 4500
003 Ost
005 20260507075328.0
008 260507s9999||||xx |||||||||||||| ||und||
020 _a9789957066214
040 _cfsecg
041 _aara
082 _a330
100 _aداود، علي حسام
_eمؤلف
245 0 _aمبادئ الاقتصاد الكلي /
_c علي حسام داود
250 _aطبعة 2
260 _aعمان:
_bدار المسيرة للنشر والتوزيع,
_c2011
300 _a376 صفحة؛
_bإيضاحات ؛
_c25 سم
520 _aمقدمة في التحليل الاقتصادي الكلي ، الناتج المحلي الاجمالي و الدخل القومي ، مكونات الناتج المحلي أي القومي ، المشكلات الاقتصادية الكلية: التضخم و البطالة و العلاقة بينهما ، النقود و البنوك ، الطلب الكلي و العرض الكلي و التقلبات الاقتصادية ، الدخل التوازني و المضاعف ، السياسات الاقتصادية الكلية
653 _aالاقتصاد
653 _aالإقتصاد التحليلي
653 _aالاقتصاد الكلي
942 _cكتاب
999 _c43979
_d43979